[Event "COL-ch visually impaired 2nd"]
[Site "Cali"]
[Date "2008.10.26"]
[Round "3.7"]
[White "Rios, Jair Hernando"]
[Black "Galvez, Norberto"]
[Result "1-0"]
[WhiteElo "1600"]
[BlackElo "1603"]
[PlyCount "42"]
[EventDate "2008.10.25"]
[EventType "swiss"]
[EventRounds "7"]
[EventCountry "COL"]
[SourceTitle "EXT 2024"]
[Source "ChessBase"]
[SourceDate "2023.10.10"]
[SourceVersion "1"]
[SourceVersionDate "2023.10.10"]
[SourceQuality "1"]

1. e4 e5 2. Nf3 Nc6 3. Nc3 Nf6 4. a3 a6 5. Bc4 Bc5 6. h3 0-0 7. d3 b5 8. Ba2 d6 9. Nd5 Bb7 10. Bg5 Nd4 11. Nxf6+ gxf6 12. Bh6 Re8 13. Nh4 Kh8 14. c3 Ne6 15. 0-0 Nf4 16. d4 Rg8 17. dxc5 Bxe4 18. f3 Bd5 19. Bxd5 Qe7 20. Re1 f5 21. Be4 d5 1-0

[Event "Manizales op 20th"]
[Site "Manizales"]
[Date "2008.01.13"]
[Round "6"]
[White "Manrique, Jose Liberty"]
[Black "Galvez, Norberto"]
[Result "0-1"]
[WhiteElo "1625"]
[BlackElo "1600"]
[PlyCount "32"]
[EventDate "2008.01.10"]
[EventType "swiss"]
[EventRounds "7"]
[EventCountry "COL"]
[SourceTitle "EXT 2010"]
[Source "ChessBase"]
[SourceDate "2010.11.25"]
[SourceVersion "1"]
[SourceVersionDate "2010.11.25"]
[SourceQuality "1"]

1. f4 d5 2. d4 e6 3. Nf3 Bd6 4. e3 Nf6 5. c4 0-0 6. c5 Be7 7. Bd3 Nc6 8. 0-0 Nb4 9. a3 Nxd3 10. Qxd3 Ne4 11. b4 h5 12. Ne5 h4 13. Rf3 Bf6 14. Nd2 Bxe5 15. Nxe4 dxe4 16. Qxe4 Bf6 0-1

[Event "Manizales op 20th"]
[Site "Manizales"]
[Date "2008.01.12"]
[Round "4"]
[White "Gomez, Oscar"]
[Black "Galvez, Norberto"]
[Result "0-1"]
[WhiteElo "1603"]
[BlackElo "1600"]
[PlyCount "20"]
[EventDate "2008.01.10"]
[EventType "swiss"]
[EventRounds "7"]
[EventCountry "COL"]
[SourceTitle "EXT 2010"]
[Source "ChessBase"]
[SourceDate "2010.11.25"]
[SourceVersion "1"]
[SourceVersionDate "2010.11.25"]
[SourceQuality "1"]

1. e4 e5 2. Nc3 c6 3. Nf3 d6 4. d4 Nf6 5. Bg5 h6 6. Bd2 Be7 7. Be2 0-0 8. 0-0 d5 9. exd5 cxd5 10. Bd3 e4 0-1